000 00629nam a2200241Ia 4500
003 OSt
005 20220923214800.0
006 a|||||r|||| 00| 0
007 ta
008 220922b |||||||| |||| 00| 0 hin d
024 _a172,696
037 _cTextual
040 _aARTS
_cARTS
_bhin
041 _2hin
_ahin
082 _aO152:3NN:11, J2;J6
100 _aनागार्जुन
245 0 _aबलचनमा
246 _aBalachanamā
250 _aसंस्क0 4
260 _c1956
942 _hO152:3NN:11, J2;J6
_cTEXL
_2CC
999 _c326704
_d326704